000 02372nam a22003017a 4500
003 NALT
005 20240726133137.0
008 240621b th ||||| |||| 00| 0 tha d
020 _a9789743266928
040 _aNALT
050 _aQL 675
_bก671ก 2565
100 0 _aกิตติ ปักเข็ม.
_964175
245 1 0 _aการดูแลนกแอ่นกินรังในบ้านรังนก /
_cกิตติ ปักเข็ม และ สุเทพ ทองแผ่น ; บรรณาธิการ, ปิยชาติ สึงตี และ ตฤณ ไอยะรา.
250 _aพิมพ์ครั้งแรก.
260 _aนครศรีธรรมราช :
_bสำนักงานการวิจัยแห่งชาติ (วช.),
_c2565.
300 _a97 หน้า :
_bภาพประกอบ ;
_c23 ซม.
505 2 _a1. นกแอ่นกินรัง -- 2. ศัตรูนกแอ่นกินรัง -- 3. การตรวจสอบอาคารบ้านรังนก -- 4. การเก็บรังที่เหมาะสมเพื่อการขยายพันธุ์นกแอ่นกินรัง -- 5. การบำรุงรักษาอาคารและเครื่องมืออุปกรณ์บ้านรังนก -- 6. การจัดภาวะแวดล้อมที่เอื้อต่อการอาศัยและทำรังของนกแอ่นกินรัง -- 7. การดูแลนกแอ่นกินรังช่วงฤดูกาลต่าง ๆ.
650 4 _aนกแอ่นกินรัง
_xการดูแลและสุขวิทยา
_964468
650 4 _aรังนกที่เป็นอาหาร
_964466
650 4 _aนกแอ่นกินรัง
_xการขยายพันธุ์
_964469
700 0 _aสุเทพ ทองแผ่น.
_964470
700 0 _aปิยชาติ สึงตี.
_964391
700 0 _aตฤณ ไอยะรา.
_964392
942 _cGB
_2lcc
996 _achunbijaya.r
_bCATSTF
_c2024-06-21
996 _ajamriang.p
_bCATSTF
_c2024-07-26
999 _c105377
_d105377
998 _j1020
_k จำเรียง ระวังสำโรง